000 00577nam a22001817a 4500
005 20231113062727.0
008 231113b |||||||| |||| 00| 0 eng d
020 _a070210714 ; 0702107158
041 _aEnglish
082 _a346.1 BOB
100 _aBoberg, PQR
_lEnglish
245 _aThe Law of Persons and the Family :
_bwith illustrative cases /
_cPQR Boberg
250 _aFirst Edition
260 _aCape Town :
_bJuta and Company Ltd,
_c1977
300 _blxiv, 756 pages ;
_c26 cm.
650 _aLegal practice
_bLaw
942 _cBK
_6ALISON_BN_VRIES
999 _c536
_d536